| 000 | 01211nam a2200337Ia 4500 | ||
|---|---|---|---|
| 003 | GCL | ||
| 005 | 20240530103144.0 | ||
| 008 | 140319s9999 xx 000 0 ara d | ||
| 040 |
_aGCL / _cGCL |
||
| 082 | 0 | 4 |
_a953.0738 _bق/ا م |
| 100 | 1 | _aاحمد السيد الصاوى | |
| 245 | 1 | 0 |
_aمجاعات مصر الفاطمية : _bاسباب ونتائج / _cاحمد السيد الصاوى |
| 250 | _aط1 | ||
| 260 |
_aبيروت : _bدار التضامن للطباعة والنشر والتوزيع ، _c1988 |
||
| 300 |
_a311 ص؛ _c24 سم |
||
| 650 | 0 | 4 |
_aمصر _xتاريخ |
| 650 | 0 | 4 |
_aمصر _xالاحوال الاجتماعية |
| 650 | 0 | 4 | _aالدولة الفاطمية |
| 650 | 0 | 4 |
_aمصر _xالاحوال الاقتصادية _yالعصر الفاطمى |
| 650 | 0 | 4 | _aطبقات المفسرين |
| 650 | 0 | 4 | _aالاثار الاسلامية |
| 650 | 0 | 4 | _aالمجتمع المصرى |
| 650 | 0 | 4 | _aفيضان النيل |
| 650 | 0 | 4 | _aالوزراء |
| 650 | 0 | 4 | _aالفنون الاسلامية |
| 650 | 0 | 4 | _aالمسكوكات |
| 650 | 0 | 4 | _aفيضان النيل فى مصر |
| 650 | 0 | 4 | _aالنظم الادارية |
| 650 | 0 | 4 | _aالمجاعات |
| 942 |
_2ddc _cBK |
||
| 999 |
_c37221 _d37221 |
||